header

Invisible women (Record no. 23446)

MARC details
000 -LEADER
fixed length control field 01272nam a2200325Ia 4500
100 1# - MAIN ENTRY--AUTHOR NAME
Personal name Devlin, Angela.
245 10 - TITLE STATEMENT
Title Invisible women
260 ## - PUBLICATION, DISTRIBUTION, ETC. (IMPRINT)
Place of publication Winchester :
Name of publisher Waterside Press,
Year of publication 1998.
300 ## - PHYSICAL DESCRIPTION
Number of Pages 400 p.
650 #0 - SUBJECT ADDED ENTRY--TOPICAL TERM
Topical Term Female offenders
Topical Term Reformatories for women
Topical Term Women prisoners
856 40 - ELECTRONIC LOCATION AND ACCESS
Uniform Resource Identifier http://site.ebrary.com/lib/rucke/Doc?id=10696137

No items available.

© 2026 Rongo University
Contact us: librarian | system librarian | Rongo university